000 01505naa a22004217a 4500
001 BR7602437
003 BR-BrBNA
005 20240918173825.0
007 ta
008 230509b bl.||||| |||| 00| 0 por d
040 _aBR-BrBNA
_bpor
_cBiblioteca Nacional de Agricultura
041 _a(Pt)
072 _aF10; F60; P12
_b0230
_b4210
_bG514
090 _aF10 BR7602437
100 1 _aMoretti Filho, J.
100 1 _aSantos, J.M. dos
111 1 _a3. Seminario Nacional de Irrigacao e Drenagem
_cFortaleza, CE (Brazil)
_d16 Nov 1975
245 1 _aSeca agronomica na zona canavieira do estado de Sao Paulo com base para os estudos de irrigacao [Cana de acucar; Saccharum officinarum; Climatologia; Bioquimica vegetal; Brasil]
260 3 _aFortaleza, CE (Brasil):
_c1976.
500 _aAnais do 3. Seminario Nacional de Irrigacao e Drenagem Fortaleza, CE (Brasil): 1976. p. 303-305 (BR7602437-AM)F10
650 _aClimatologia
650 _aBioquimica vegetal
650 _aIrrigacao
650 _aCana de acucar
650 _aAclimatacao
650 _aSeca
650 _aUmidade relativa
650 _aEvapotranspiracao
650 _aTranspiracao vegetal
650 _aAgua
650 _aRendimento
650 _aSaturacao
650 _aZona canavieira
650 _aSao Paulo
773 0 _tAnais do 3. Seminario Nacional de Irrigacao e Drenagem
_b
_wF10 BR7602437
_gFortaleza, CE (Brasil), 1976. p. 303-305
909 _a202404
_bLucia
_c55
_dLucia Elande
942 _cAM
_2AGRIS
999 _c307138
_d307138